The commemoration of women in the United States : remembering women in public space /

Bibliographic Details
Main Author: Bergman, Teresa (Author)
Corporate Author: Taylor & Francis
Format: eBook
Language:English
Published: New York, NY : Routledge, 2019.
Subjects:
Online Access:Connect to the full text of this electronic book

MARC

Tag First Indicator Second Indicator Subfields
LEADER 00000cam a2200000Ii 4500
001 in00004074708
005 20191021080047.0
006 m o d
007 cr cnu---unuuu
008 190528t20192019nyu ob 001 0 eng d
020 |a 9780203705193  |q electronic book 
020 |a 020370519X  |q electronic book 
020 |a 9781351339582  |q electronic book 
020 |a 1351339583  |q electronic book 
020 |a 9781351339575  |q electronic book 
020 |a 1351339575  |q electronic book 
020 |a 9781351339568  |q electronic book 
020 |a 1351339567  |q electronic book 
020 |z 9781629583808 
024 8 |a 40029240698 
035 |a (NhCcYBP)ybp15889235 
037 |a 9780203705193  |b Taylor & Francis 
040 |a NhCcYBP  |c NhCcYBP  |d UtOrBLW 
043 |a n-us--- 
050 4 |a HQ1410  |b .B47 2019 
072 7 |a SOC  |x 031000  |2 bisacsh 
072 7 |a SOC  |x 020000  |2 bisacsh 
072 7 |a SOC  |x 003000  |2 bisacsh 
072 7 |a HD  |2 bicssc 
082 0 4 |a 305.40973  |2 23 
100 1 |a Bergman, Teresa,  |e author.  |0 http://id.loc.gov/authorities/names/n2012055225 
245 1 4 |a The commemoration of women in the United States :  |b remembering women in public space /  |c Teresa Bergman. 
264 1 |a New York, NY :  |b Routledge,  |c 2019. 
264 4 |c ©2019 
300 |a 1 online resource. 
336 |a text  |b txt  |2 rdacontent 
337 |a computer  |b c  |2 rdamedia 
338 |a online resource  |b cr  |2 rdacarrier 
504 |a Includes bibliographical references and index. 
545 0 |a Teresa Bergman is Professor and Chair of the Communication Department at the University of the Pacific in Stockton, California, USA. Her research incorporates an interdisciplinary methodology that includes memory studies, rhetoric, documentary film theory, and critical/cultural studies. Her articles have appeared in Text and Performance Quarterly and the Western Journal of Communication. Her book Exhibiting Patriotism: Creating and Contesting Interpretations of American Historic Sites (2013),won the 2013 Jane Jacobs Urban Communication Book Award. 
505 0 |a Cover; Half Title; Title Page; Copyright Page; Dedication; Table of contents; List of Figures; Acknowledgments; Introduction: Beyond Allegory,Actual Women Enter the Commemorative Landscape; Notes; 1 Eleanor Roosevelt as Coda; Initial Rhetorical Situation; Design Stalemate; Traditional Commemoration No Longer Appropriate; New Rhetorical Situation; Eleanor Roosevelt in the Niche; Eleanor Roosevelt's Rhetorical Situation; The Rhetorical Situation Shifts; Eleanor Roosevelt Challenges Decorum; Compensatory Representation; Notes; 2 The Portrait Monument's Radical Message 
505 8 |a The Portrait Monument's OriginsWhy Anthony, Stanton, and Mott; Alice Paul and Adelaide Johnson's Prescience; The Radical Portrait Monument; The Plaque Breaks Decorum; The Capitol Rotunda or Bust; Aesthetic Decorum; Artistic Decorum and the Rhetorical Situation; Intersectionality Enters the Rhetorical Situation; The Portrait Monument's Future; Notes; 3 The Politics of Optimism at the Women's Rights National Historical Park; History as Celebration; Politics of Representation; Rhetorical Constraints Define Message; Rhetoric of Location 
505 8 |a The Declaration of Sentiments Defines Women's Political IssuesWesleyan Chapel's Authenticity Versus Seneca Falls; The New Decorum; Visitor Center's Decorum; Self-Administered Rhetorical Constraints; Site's History Inflects Message; Notes; 4 Women's Patriotism in War: Vietnam Women's and Women in Military Service for America Memorials; VWM's Rhetorical Situation; Rhetorical Situation Evolves; First Rhetorical Response to The Wall; Three Servicemen Evokes Demand for Gender Representation; Gender, Vietnam, and Commemorative Politics Collide; Gender Yes, Antiwar No; Apolitical Metaphorical Women 
505 8 |a Women in Military Service for AmericaPro-Military and Pro-Women; WIMSA's Ideal Location; Breaking the Glass Ceiling Rhetorics; WIMSA Decorum; WIMSA'S Orientation Film; Commemorating Military Women's Service; Notes; 5 Rosie the Riveter WWII Home Front National Historical Park and the Social Construction of Power; Rosie the Riveter WWII Home Front National Historical Park's Rhetorical Situation; Richmond's Rhetorical Location; RORI Walking Tour; The Rosie the Riveter Memorial's Rhetorical Situation; The Reality of We Can Do It; Rosie in the Year 2000 
505 8 |a The NPS Changes Rosie the Riveter Memorial's Rhetorical SituationThe Fourth-Stage of Representation Emerges; Women and Shipbuilding Decorum; Representing Women's History in the Fourth Stage; Notes; Conclusion: After Absence, the Complications of Presence; Notes; Abbreviations; Bibliography; Archives and Manuscript Collections; Newspapers; Interviews; Government Documents; Secondary Sources; Index 
588 |a Description based on online resource; title from digital title page (viewed on July 03, 2019). 
500 |a Electronic resource. 
650 0 |a Women  |z United States  |x History  |y 20th century.  |0 http://id.loc.gov/authorities/subjects/sh2010118956 
655 7 |a Electronic books.  |2 local 
710 2 |a Taylor & Francis.  |0 http://id.loc.gov/authorities/names/n84073022 
856 4 0 |u http://proxy.library.tamu.edu/login?url=https://www.taylorfrancis.com/books/9780203705193  |z Connect to the full text of this electronic book  |t 0 
945 |a machinegen 
955 |a YBP purchased approval e-records 
980 |b 130.00  |g 1 
999 f f |s f56d6ce6-1234-31a6-8457-7cba7375a6ce  |i 19d98552-ad28-3809-af90-fcfe03d0588a  |t 0 
952 f f |a Texas A&M University  |b College Station  |c Electronic Resources  |d Available Online  |t 0  |e HQ1410 .B47 2019  |h Library of Congress classification 
998 f f |a HQ1410 .B47 2019  |t 0  |l Available Online